Skvalitňovanie podnikateľského prostredia prostredníctvom formálnych a neformálnych pravidiel

Gespeichert in:
Bibliographische Detailangaben
1. Verfasser: Okruhlica, František
Weitere Verfasser: Juriková, Benita, 1973-
Format: Buchkapitel
Sprache:Slowakisch
Tags: Tag hinzufügen
Keine Tags, Fügen Sie das erste Tag hinzu!

MARC

LEADER 00000nla$a2200000$$$4500
001 0060546
005 20240502083144.0
041 0 |a slo 
044 |a CZ 
245 1 0 |a Skvalitňovanie podnikateľského prostredia prostredníctvom formálnych a neformálnych pravidiel  |c František Okruhlica, Benita Juriková 
100 1 |a Okruhlica, František 
700 1 |a Juriková, Benita, 1973-